Responses for Show #2984 - Thursday, July 17, 1997

Contestants

[<< previous game]

Diane Mirabito, an attorney from Bayport, New York

Phil Duffy, a designer from Cambridge, Massachusetts

Patrick Friel, a teaching assistant originally from Philadelphia, Pennsylvania (whose 1-day cash winnings total $16,401)

[next game >>]

Jeopardy! Round responses

WEATHER
MUSICAL GROUPS
FITNESS
OCEANIA
QUOTES
HODGEPODGE
(a little bit of everything)
    $100 14
Hurricanes

Phil
    $100 9
The E Street Band

Patrick
    $100 6
"The wall"

Diane
    $100 1
Hawaii

Patrick
    $100 16
Mao Tse-tung

Phil
    $100 24
Crocodile

Patrick
    $200 15
Snow

Patrick
    $200 10
Metallica

Patrick
    $200 7
Free weights

Phil
    $200 2
Volcanoes

Phil
    $200 17
Poetry

Diane
    $200 27
St. Valentine

Phil
    $300 21
Smog/pollution

Phil
    $300 11
Public Enemy

Phil
    $300 8
Stair machines

Patrick
    $300 3
Tahiti

Phil
    $300 20
"But few are chosen"

Diane
    $300 28
Napoleon

Phil
    $400 22
Lightning

Diane
    $400 12
Oasis

Patrick
    $400 18
Abdominals

Phil
    $400 4
H.M.S. Bounty

Diane
    $1,000 25
(Alex: In his inauguration speech, that's right, we have a minute left to go in the round, Patrick.)

Nelson Mandela

Patrick
    $400 29
William the Conqueror

Phil
    $500 23
Yosemite

Diane
    $500 13
The Byrds

Phil
    $500 19
Jazzercise

Patrick
    $500 5
Micronesia, Melanesia & Polynesia

Triple Stumper
    $500 26
Charms

Phil
    $500 30
(Alex: Yeah, that probably made him smile more than he did out in public!)

Calvin Coolidge

Diane

Scores at the first commercial break (after clue 15):

Patrick Phil Diane
$1,300 $1,600 $500

Scores at the end of the Jeopardy! Round:

Patrick Phil Diane
$2,900 $3,800 $2,400

Double Jeopardy! Round responses

AMERICAN HISTORY
ART & ARTISTS
FILM STARS
U.S. CITIES
WOMEN IN GOVERNMENT
LITERARY DISGUISES
    $200 7
War of 1812

Diane
    $200 1
Mona Lisa

Phil
    $200 6
Leslie Nielsen

Diane
    $200 15
Nashville

Diane
    $200 16
Madeleine Albright

Patrick
    $200 24
Sherlock Holmes

Phil
    $400 8
Franklin D. Roosevelt

Patrick
    $400 2
Moses

Diane
    $400 12
"The Caine Mutiny"

Phil
    $400 18
St. Louis

Patrick
    $1,500 17
Cuba

Patrick
    $400 25
Odysseus

Phil
    $600 9
Republican

Phil
    $600 3
Cubism

Diane
    $600 13
Marcello Mastroianni

Phil
    $600 19
Albuquerque

Phil
    $600 23
Kim Campbell

Patrick
    $600 30
Yentl

Phil
    $800 10
(Phil: Who is Hayakawa?)

Daniel Inouye

PhilDiane
    $800 4
(Phil: Who is Corot?)

Edouard Manet

PhilDiane
    $800 14
Raul Julia

Patrick
    $800 20
(Alex: Not the same state as the film.)

Bountiful

Triple Stumper
    $800 26
(D: What is The Netherlands?)

Denmark

PatrickDiane
    $800 28
"As You Like It"

Patrick
    $1000 11
Henry Cabot Lodge

Patrick
    $1000 5
Edward Hopper

Patrick
    $1000 22
Albert Finney

Diane
    $1000 21
Manchester

Patrick
    $1000 27
Green Party

Phil
    $20 29
"Black Like Me"

Patrick

Scores at the end of the Double Jeopardy! Round:

Patrick Phil Diane
$11,420 $6,800 $5,800

[wagering suggestions for these scores]

Final Jeopardy! Round responses

SCIENTISTS
DianeWho is Linnaeus?
$5,800
PhilWho was Linneaus
$6,795
PatrickWho was Linnaeus?
$2,200
Carolus Linnaeus

Final scores:

Patrick Phil Diane
$13,620 $13,595 $11,600
2-day champion: $30,021 2nd place: Sony VAIO Desktop PC & O'Sullivan Computer Work Center 3rd place: Klipsch Epic Series Speakers

Game dynamics:

Coryat scores:

Patrick Phil Diane
$10,700 $6,800 $5,800
21 R
(including 3 DDs),
0 W
22 R,
2 W
15 R,
1 W

Combined Coryat: $23,300

[game clues] [game scores] [suggest correction]

Game tape date: 1997-02-24
The J! Archive is created by fans, for fans. Scraping, republication, monetization, and malicious use prohibited; this site may use cookies and collect identifying information. See terms. The Jeopardy! game show and all elements thereof, including but not limited to copyright and trademark thereto, are the property of Jeopardy Productions, Inc. and are protected under law. This website is not affiliated with, sponsored by, or operated by Jeopardy Productions, Inc. Join the discussion at JBoard.tv.